000 00569cam a2200193 4500500
005 20260329004717.0
041 _afre
042 _adc
100 1 0 _aSorente, Isabelle
_eauthor
245 0 0 _aValider n’est pas donner
260 _c2020.
500 _a21
690 _aCaritatif
690 _aDon
690 _aGénérosité
690 _aIsabelle Sorente
786 0 _nPhilosophie magazine | 145 | 1 | 2020-12-01 | p. 31-32 | 1951-1787
856 4 1 _uhttps://shs.cairn.info/magazine-philosophie-magazine-2020-12-1-page-31?lang=fr&redirect-ssocas=7080
999 _c1836517
_d1836517